Φορτώνει......
Analytical chemistry (2 Vols.) :vol.2 Quantitative analysis
| Κύριος συγγραφέας: | |
|---|---|
| Άλλοι συγγραφείς: | |
| Μορφή: | Printed Book |
| Γλώσσα: | English |
| Έκδοση: |
New York,
John wiley and sons,
1937
|
| Θέματα: |
| LEADER | 00553nam a22001577a 4500 | ||
|---|---|---|---|
| 005 | 20151028162300.0 | ||
| 008 | 090812t xxu||||| |||| 00| 0 eng d | ||
| 082 | |a 543 |b G7.2;1 | ||
| 100 | |a Treadwell,F P |9 27004 | ||
| 245 | |a Analytical chemistry (2 Vols.) |b :vol.2 Quantitative analysis | ||
| 653 | |a Analytical chemistry | ||
| 700 | |a Hall,William T |9 27003 | ||
| 942 | |c REF |6 _ | ||
| 260 | |a New York, |b John wiley and sons, |c 1937 | ||
| 999 | |c 78844 |d 78844 | ||
| 952 | |0 0 |1 0 |2 ddc |4 0 |6 543_G721 |7 0 |9 92079 |a SOS |b SOS |d 2009-08-12 |o 543 G7.2;1 |p MS000015 |r 2013-06-14 |w 2009-08-12 |y REF | ||